[Event "AUTO-MASTER-3217"]
[Site "http://www.queenalice.com/game.php?id=1849164"]
[Date "2024.12.23"]
[Round "3"]
[White "suenteus_po_147"]
[Black "Tonto"]
[Result "1-0"]
[WhiteElo "2051"]
[BlackElo "2050"]

1. e4 e5 2. Nf3 d6 3. d4 Nf6 4. Nc3 Bg4 5. dxe5 Bxf3 6. Qxf3 dxe5 7. Bg5 Be7 8.
Rd1 Nbd7 9. Bxf6 Bxf6 10. Bc4 O-O 11. Qf5 b5 12. Bxb5 g6 13. Qf3 Qb8 14. Rxd7
Kg7 15. Bc6 Qxb2 16. Bxa8 Rxa8 17. O-O Qxc2 18. Rxc7 Re8 19. Nd5 1-0

[Event "AUTO-MASTER-3217"]
[Site "http://www.queenalice.com/game.php?id=1849165"]
[Date "2024.12.23"]
[Round "3"]
[White "Tonto"]
[Black "suenteus_po_147"]
[Result "0-1"]
[WhiteElo "2010"]
[BlackElo "2069"]

1. e4 c5 2. Nf3 e6 3. Be2 Nc6 4. d3 d5 5. exd5 exd5 6. O-O Nf6 7. Re1 Be7 8. c4
d4 9. Bg5 O-O 10. Nbd2 Bf5 11. Nh4 Bd7 12. Bf3 Rc8 13. Ne4 Nxe4 14. Bxe4 Bxg5
15. Nf5 Qf6 16. Ng3 Bh4 17. Qh5 g6 18. Qxc5 Bxg3 19. fxg3 Ne5 20. Qxa7 Ng4 21.
Rf1 Qe5 22. Rae1 Ne3 23. Bxb7 Rc7 24. Qa6 Rb8 25. Be4 Nxf1 26. Rxf1 Rxb2 27. Bd5
Be6 28. Qa8+ Rc8 29. Qa6 Rd2 30. Bxe6 Qxe6 31. Qa3 Qe2 0-1

[Event "AUTO-MASTER-3217"]
[Site "http://www.queenalice.com/game.php?id=1849166"]
[Date "2024.12.23"]
[Round "3"]
[White "suenteus_po_147"]
[Black "Kapablanca"]
[Result "0-1"]
[WhiteElo "2061"]
[BlackElo "2086"]

1. d4 d5 2. c4 e6 3. Nc3 Nf6 4. Bg5 Be7 5. e3 O-O 6. Nf3 c6 7. Qc2 h6 8. Bh4
Nbd7 9. Rd1 Nh7 10. Bxe7 Qxe7 11. Bd3 Ng5 12. Nxg5 Qxg5 13. f4 Qh4+ 14. g3 Qh3
15. Rd2 f5 16. Bf1 Qh5 17. h4 Nf6 18. Rg2 Ng4 19. Be2 Qf7 20. Kd2 h5 21. Nd1 Qe7
22. Nf2 Nxf2 23. Rxf2 Bd7 24. a3 Rac8 25. Bxh5 Be8 26. Be2 Bf7 27. Rfh2 Be8 28.
g4 Bd7 29. g5 c5 0-1

[Event "AUTO-MASTER-3217"]
[Site "http://www.queenalice.com/game.php?id=1849167"]
[Date "2024.12.23"]
[Round "3"]
[White "Kapablanca"]
[Black "suenteus_po_147"]
[Result "1-0"]
[WhiteElo "2121"]
[BlackElo "2019"]

1. d4 d5 2. c4 c6 3. Nc3 e6 4. Nf3 Nf6 5. e3 Nbd7 6. Be2 Bd6 7. c5 Bb8 8. O-O
O-O 9. b4 Qc7 10. h3 Ne4 11. Bb2 Rd8 12. Nxe4 dxe4 13. Ne5 f6 14. Ng4 h5 15.
Nh6+ gxh6 16. g3 Nf8 17. Bxh5 Qg7 18. Kh1 e5 19. Qc2 f5 20. Rg1 Kh7 21. g4 Qf6
22. Rad1 Bd7 23. Rg2 exd4 24. Rxd4 Be5 25. Rd6 Qh8 26. Bxe5 1-0

[Event "Challenge"]
[Site "http://www.queenalice.com/game.php?id=1849722"]
[Date "2025.1.3"]
[Round "-"]
[White "jogo"]
[Black "suenteus_po_147"]
[Result "0-1"]
[WhiteElo "1977"]
[BlackElo "2027"]

1. e4 c5 2. Nf3 e6 3. c3 Nc6 4. d4 cxd4 5. cxd4 Nf6 6. Nc3 Bb4 7. Bd2 O-O 8. a3
Bxc3 9. bxc3 Nxe4 10. Qc2 Nf6 11. O-O-O Qa5 12. a4 d5 13. c4 Qd8 14. Bd3 dxc4
15. Bxc4 Nxd4 16. Nxd4 Qxd4 17. Be3 Qa1+ 18. Kd2 Qe5 19. f3 Bd7 20. Ke2 Bc6 21.
Kf2 Nd5 22. Bd4 Qg5 23. h4 Qd8 24. Bc5 Re8 25. Bd3 g6 26. h5 Qg5 27. hxg6 fxg6
28. Qb2 Bxa4 29. Ra1 Nf4 30. Bf1 Qxc5+ 31. Kg3 Qg5+ 32. Kf2 Bc6 33. g3 Qc5+ 34.
Ke1 Qe3+ 35. Be2 Nd3+ 0-1

[Event "Challenge"]
[Site "http://www.queenalice.com/game.php?id=1849723"]
[Date "2025.1.3"]
[Round "-"]
[White "suenteus_po_147"]
[Black "jogo"]
[Result "1-0"]
[WhiteElo "2041"]
[BlackElo "1883"]

1. c4 e5 2. Nc3 Nf6 3. g3 c5 4. Bg2 Nc6 5. d3 h6 6. Nf3 d5 7. cxd5 Nxd5 8. Qa4
Nxc3 9. bxc3 Qa5 10. Qxa5 Nxa5 11. Nxe5 Bd6 12. Bf4 Bxe5 13. Bxe5 f6 14. Bd6 b6
15. Bxa8 Kd7 16. Bf4 g5 17. Bc1 Re8 18. e3 Ba6 19. c4 Rxa8 20. O-O Bb7 21. Bb2
Ke7 22. e4 Rd8 23. Rad1 Ba6 24. e5 f5 25. f4 Nc6 26. fxg5 hxg5 27. Rxf5 Rg8 28.
g4 Bc8 29. Rf6 Nd4 30. Bxd4 cxd4 31. h3 Bd7 32. Rc1 Rh8 33. Kg2 Bc8 34. c5 Bb7+
35. c6 Ba6 36. c7 Bb7+ 37. Kg3 Ba6 38. Rfc6 Bc8 39. Rg6 Kf7 40. Rxg5 Be6 41. h4
1-0

[Event "Challenge"]
[Site "http://www.queenalice.com/game.php?id=1849998"]
[Date "2025.1.8"]
[Round "-"]
[White "jogo"]
[Black "suenteus_po_147"]
[Result "0-1"]
[WhiteElo "1910"]
[BlackElo "2067"]

1. e4 e5 2. d4 exd4 3. Qxd4 Nc6 4. Qe3 Nf6 5. e5 Ng4 6. Qf3 Ngxe5 7. Qe3 Be7 8.
h3 d5 9. f4 d4 10. Qe2 Ng6 11. Nf3 O-O 12. b3 Bh4+ 13. Nxh4 Re8 14. Nxg6 Rxe2+
15. Bxe2 hxg6 16. O-O Bf5 17. Bd3 Bxd3 18. cxd3 Nb4 19. Na3 Nxd3 20. Bd2 a6 21.
Rf3 Nc5 22. Re1 b5 23. Bb4 Ne6 24. f5 gxf5 25. Rxf5 d3 26. Ref1 Qd4+ 27. Kh1
Qxb4 0-1

[Event "AUTO-MASTER-3216"]
[Site "http://www.queenalice.com/game.php?id=1850009"]
[Date "2025.1.8"]
[Round "2"]
[White "Biagio"]
[Black "suenteus_po_147"]
[Result "1-0"]
[WhiteElo "2165"]
[BlackElo "1920"]

1. e4 e5 2. Nf3 Nc6 3. d4 exd4 4. Nxd4 Bc5 5. Be3 Qf6 6. c3 Qg6 7. Nd2 Nf6 8. f3
d5 9. Qc2 dxe4 10. Nxe4 Nxd4 11. Bxd4 Bxd4 12. cxd4 Nd5 13. Qc5 Ne3 14. d5 Qb6
15. Bb5+ Bd7 16. Bxd7+ Kxd7 17. Qxb6 axb6 18. Kf2 Nxd5 19. Rhd1 c6 20. a3 h6 21.
Nc3 Ke6 22. Nxd5 cxd5 23. Rd4 1-0

[Event "AUTO-MASTER-3216"]
[Site "http://www.queenalice.com/game.php?id=1850010"]
[Date "2025.1.8"]
[Round "2"]
[White "suenteus_po_147"]
[Black "Biagio"]
[Result "0-1"]
[WhiteElo "1927"]
[BlackElo "2160"]

1. d4 Nf6 2. c4 e6 3. Nc3 d5 4. Bg5 Nbd7 5. e3 c6 6. cxd5 exd5 7. Bd3 Bd6 8. Nf3
O-O 9. Qc2 h6 10. Bh4 Re8 11. O-O Nf8 12. Rae1 Be7 13. Bg3 Be6 14. e4 dxe4 15.
Nxe4 Bd5 16. Be5 Nxe4 17. Bxe4 Bxe4 18. Qxe4 Ng6 19. Bg3 Bb4 20. Qxe8+ Qxe8 0-1

[Event "AUTO-MASTER-3216"]
[Site "http://www.queenalice.com/game.php?id=1850014"]
[Date "2025.1.8"]
[Round "2"]
[White "tucuman10"]
[Black "suenteus_po_147"]
[Result "1-0"]
[WhiteElo "2223"]
[BlackElo "2071"]

1. d4 Nf6 2. c4 g6 3. Nc3 d5 4. e3 Bg7 5. Nf3 O-O 6. cxd5 Nxd5 7. Bc4 Nxc3 8.
bxc3 c5 9. O-O Qc7 10. Qe2 b6 11. e4 Bb7 12. d5 Nd7 13. Bb2 Ne5 14. Bd3 c4 15.
Bc2 1-0

[Event "Challenge"]
[Site "http://www.queenalice.com/game.php?id=1850120"]
[Date "2025.1.10"]
[Round "-"]
[White "jogo"]
[Black "suenteus_po_147"]
[Result "0-1"]
[WhiteElo "1941"]
[BlackElo "2045"]

1. e4 e5 2. d4 exd4 3. Qxd4 Nc6 4. Qe3 Nf6 5. h3 Bb4+ 6. Bd2 Qe7 7. Bxb4 Qxb4+
8. Qc3 Nxe4 9. Qxb4 Nxb4 10. Na3 O-O 11. c3 Nd5 12. Bc4 Ndf6 13. Ne2 d5 14. Bd3
Re8 15. O-O-O Nxf2 16. Rhf1 Nxd1 17. Rxd1 Bd7 18. Nc2 c5 19. Na3 c4 20. Nxc4
dxc4 21. Bxc4 b5 22. Bd3 g5 23. Ng3 h5 24. Nf5 Bxf5 25. Bxf5 Re2 26. Rg1 Rf2 27.
Bd3 a6 28. Rf1 Rxf1+ 29. Bxf1 Re8 30. Kd1 Nd5 0-1

[Event "Challenge"]
[Site "http://www.queenalice.com/game.php?id=1850121"]
[Date "2025.1.10"]
[Round "-"]
[White "suenteus_po_147"]
[Black "jogo"]
[Result "1-0"]
[WhiteElo "2053"]
[BlackElo "2072"]

1. d4 Nf6 2. c4 g6 3. Nc3 d5 4. cxd5 Nxd5 5. e4 Nxc3 6. bxc3 Bg7 7. Be3 c5 8.
Qd2 cxd4 9. cxd4 O-O 10. Bc4 Nc6 11. Ne2 Bg4 12. f3 Na5 13. Bd3 Bd7 14. Rc1 Rc8
15. Rxc8 Bxc8 16. O-O a6 17. Rc1 Bd7 18. d5 Bb5 19. Bxb5 axb5 20. Bd4 Bxd4+ 21.
Nxd4 Qb6 22. Qb4 Ra8 23. Kf1 Qa6 24. Nxb5 Qb6 25. a4 Kf8 26. Rc7 Re8 27. e5 Kg7
28. Rxe7 Rxe7 29. Qxe7 Qe3 30. d6 Qc1+ 31. Kf2 Qc2+ 32. Kg3 Qxa4 33. Nc7 Qc4 34.
Ne8+ Kh6 35. d7 Nc6 36. Qf8+ Kg5 37. d8=Q+ Nxd8 38. Qe7+ Kh5 39. Qxd8 b5 40.
Nf6+ Kh6 41. Qf8+ Kg5 42. Ne4+ Kh5 43. Qg7 h6 44. Kh3 f5 45. g4+ 1-0

[Event "AUTO-MASTER-3250"]
[Site "http://www.queenalice.com/game.php?id=1851226"]
[Date "2025.1.31"]
[Round "1"]
[White "CCapivara"]
[Black "suenteus_po_147"]
[Result "1-0"]
[WhiteElo "2233"]
[BlackElo "1935"]

1. e4 e5 2. Nf3 Nc6 3. Bb5 a6 4. Bxc6 dxc6 5. O-O Qd6 6. d3 Ne7 7. Nbd2 Ng6 8.
Nc4 Qf6 9. Ne3 Bc5 10. c3 O-O 11. h3 Rd8 12. d4 exd4 13. e5 1-0

[Event "AUTO-MASTER-3250"]
[Site "http://www.queenalice.com/game.php?id=1851227"]
[Date "2025.1.31"]
[Round "1"]
[White "suenteus_po_147"]
[Black "CCapivara"]
[Result "0-1"]
[WhiteElo "1931"]
[BlackElo "2236"]

1. c4 e5 2. Nc3 f5 3. d4 e4 4. Nh3 Nf6 5. Bg5 Be7 6. e3 O-O 7. Nf4 c6 8. h4 d6
9. Be2 Na6 10. g3 Nc7 11. Kf1 h6 12. Bxf6 Bxf6 13. Kg2 Bd7 0-1

[Event "AUTO-MASTER-3250"]
[Site "http://www.queenalice.com/game.php?id=1851240"]
[Date "2025.1.31"]
[Round "1"]
[White "suenteus_po_147"]
[Black "Tig"]
[Result "0-1"]
[WhiteElo "1947"]
[BlackElo "2041"]

1. e4 d5 2. exd5 Qxd5 3. Nc3 Qa5 4. d4 Nf6 5. Bc4 c6 6. Nf3 Bf5 7. Bd2 Nbd7 8.
Qe2 Qc7 9. O-O-O e6 10. Nh4 Nb6 11. Nxf5 Nxc4 12. Nxg7+ Bxg7 13. Qxc4 a6 0-1

[Event "AUTO-MASTER-3250"]
[Site "http://www.queenalice.com/game.php?id=1851241"]
[Date "2025.1.31"]
[Round "1"]
[White "Tig"]
[Black "suenteus_po_147"]
[Result "1-0"]
[WhiteElo "2028"]
[BlackElo "1960"]

1. e4 e5 2. Nc3 Nf6 3. f4 d5 4. fxe5 Nxe4 5. Qf3 Nc6 6. Bb5 Nxc3 7. dxc3 a6 8.
Bxc6+ bxc6 9. Ne2 Be7 10. O-O O-O 11. Nd4 Bb7 12. Nf5 Bc5+ 13. Kh1 1-0

[Event "AUTO-MASTER-3250"]
[Site "http://www.queenalice.com/game.php?id=1851242"]
[Date "2025.1.31"]
[Round "1"]
[White "suenteus_po_147"]
[Black "cerenzo72"]
[Result "0-1"]
[WhiteElo "1854"]
[BlackElo "2087"]

1. d4 Nf6 2. c4 c6 3. Nc3 d5 4. e3 g6 5. Nf3 Bg7 6. Be2 O-O 7. O-O Nbd7 8. cxd5
cxd5 9. Qb3 Nb6 10. a4 a5 11. Bd2 Re8 12. Rfc1 Bd7 13. Ne5 Be6 14. Bb5 Rf8 15.
Nd3 Nc4 16. Be1 Bf5 17. Ne5 Nxe5 0-1

[Event "AUTO-MASTER-3250"]
[Site "http://www.queenalice.com/game.php?id=1851243"]
[Date "2025.1.31"]
[Round "1"]
[White "cerenzo72"]
[Black "suenteus_po_147"]
[Result "1-0"]
[WhiteElo "2094"]
[BlackElo "1847"]

1. b3 e5 2. Bb2 Nc6 3. e3 d5 4. Bb5 Bd6 5. Nc3 Nf6 6. Qe2 O-O 7. Nf3 d4 8. Na4
Bf5 9. d3 e4 10. dxe4 Bxe4 11. Bxc6 Bxc6 12. Nxd4 Bxg2 13. Rg1 Be4 14. O-O-O Re8
15. Nb5 a6 16. Nxd6 cxd6 17. Qd2 Rc8 18. Nc3 Bf3 19. Rde1 1-0